| 000 | 02722nam a2200253 a 4500 | ||
|---|---|---|---|
| 003 | MX-MxUPN | ||
| 005 | 20240215063812.0 | ||
| 008 | 240119s2007 cl |||||r|||| 000 0 spa d | ||
| 020 | _a9789213230282 | ||
| 040 |
_aMX-MxUPN _bspa _cMX-MxUPN |
||
| 041 | 0 | _aspa | |
| 050 | 1 | 4 |
_aHQ560.5 _bF35 2007 |
| 245 | 0 | 0 |
_aFamilias y políticas públicas en América Latina : _buna historia de desencuentros |
| 260 |
_aSantiago de Chile : _bNaciones Unidas, _c2007 |
||
| 300 | _a416 páginas | ||
| 490 | 0 |
_aLibros de la CEPAL ; _v96 |
|
| 505 | 0 | 0 |
_tFamilias en el mundo : historia y futuro en el umbral del siglo XXI / _rGöran Therborn -- _tCambios en el paradigma del trabajo remunerado e impactos en la familia / _rMartín Hopenhayn -- _tEl sueño de las mujeres : democracia en la familia / _rSonia Montaño -- _tLas familias latinoamericanas en el marco de las transformaciones globales / _rElizabeth Jelin -- _tTransformaciones familiares y políticas de bienestar en América Latina / _rIrma Arriagada -- _tEstado, mercado y familia : el haz del bienestar social como objeto de política / _rAna Sojo -- _tRegímenes de bienestar y políticas de familia en América Latina / _rGuillermo Sunkel -- _tLos cuidados familiares como problema público y objeto de políticas / _rRosario Aguirre -- _tCambios legislativos en la formación y disolución de familias : una mirada de contexto / _rGladys Acosta Vargas -- _tPolíticas y programas orientados a las familias en los países andinos / _rJeanine Anderson -- _tReinventar políticas para las familias reinventadas : entre la realidad brasileña y la utopía / _rAna María Goldani -- _tFamilia y políticas públicas en México y Centroamérica / _rMarina Ariza y Orlandina de Oliveira -- _tPolíticas hacia las familias con personas mayores : el desafío del cuidado en la edad avanzada / _rSandra Huenchuan y José Miguel Guzmán -- _tEl financiamiento de la política social / _rAndras Uthoff -- _tLa familia como unidad de intervención de políticas sociales : notas sobre el Programa Puente- Chile Solidario / _r Claudia Serrano -- _tLa experiencia de la gestión del Programa Oportunidades de México / _rCecilia Loría -- _tFamilias y política social en México : el caso del Programa Oportunidades / _rMercedes González de la Rocha -- _rProblemas sociales y necesidades familiares en Colombia : una revisión crítica / _rAna Rico de Alonso -- _tArgentina : aprendizajes del Programa Jefes y Jefas de Hogar Desocupados / _rLaura Golbert. |
| 650 | 4 |
_aPolítica familiar _zAmérica Latina _951036 |
|
| 651 | 4 |
_aAmérica Latina _xPolítica social _93991 |
|
| 700 | 1 |
_aArriagada, Irma _951035 _ecoordinación |
|
| 902 |
_aGCH190124 _bVíctor Ruiz/140224 |
||
| 942 |
_2lcc _cLIBRO |
||
| 999 |
_c210783 _d210783 |
||